History on film reader

Сохранить в:
Библиографические подробности
Формат:
Язык:английский
Опубликовано: Routledge. 2009.
Метки: Добавить метку
Нет меток, Требуется 1-ая метка записи!

MARC

LEADER 00000nam a22000007a 4500
008 211101b ||||| |||| 00| 0 eng d
020 |a 9780415462198 
245 |a History on film reader  |c Marnie Hughes-Warrington(editor)  |e Series.  |g x, 326 p.  
260 |b Routledge.  |c 2009.  |d Book.  |h London  |i 666731.  |l PN1995.2.H62  |m Motion pictures and history.  |m Historical films--History and criticism  |m History in motion pictures.  |m Hughes- Warrington, Marnie. 
500 |a Includes bibliographical references and index. 
942 |a lcc  |c BK  |e Olagoke,M.A.  |f 01/11/2021. 
952 |0 0  |1 0  |2 lcc  |4 0  |6 PN19952 H62  |7 0  |9 3796  |a HOL  |b HOL  |c LP  |d 2021-11-01  |l 0  |o PN1995.2.H62  |p 2021-67528  |r 2021-11-01 00:00:00  |w 2021-11-01  |y BK 
999 |c 1896  |d 1896